Statistics for Best EA FC 24 Bundesliga Cards (80+)

Click here to take the quiz!

General Stats

  • This quiz has been taken 51 times
    (44 since last reset)
  • The average score is 52 of 60

Answer Stats

OVRAnswer% Correct
90FC Bayern München logo (2017)Flag of EnglandST30Harry Kane
100%
85Bayer 04 Leverkusen logo.svgFlag of GermanyCAM20Florian Wirtz
95%
87Borussia Dortmund logo.svg Flag of Switzerland (Pantone)GK26Gregor Kobel
95%
86FC Bayern München logo (2017)Flag of GermanyCAM21Jamal Musiala
95%
88FC Bayern München logo (2017)Flag of GermanyCDM29Joshua Kimmich
95%
85FC Bayern München logo (2017)Flag of France (1794–1815, 1830–1974)LM27Kingsley Coman
95%
87FC Bayern München logo (2017)Flag of GermanyGK38Manuel Neuer
95%
86FC Bayern München logo (2017)Flag of the NetherlandsCB24Matthijs de Ligt
95%
84FC Bayern München logo (2017)Flag of GermanyRM28Serge Gnabry
95%
84FC Bayern München logo (2017)Flag of GermanyCAM34Thomas Müller
95%
84Bayer 04 Leverkusen logo.svgFlag of SpainLWB28Alejandro Grimaldo
92%
83FC Bayern München logo (2017)Flag of Canada (Pantone)LB23Alphonso Davies
92%
82Borussia Dortmund logo.svgFlag of the NetherlandsRM25Donyell Malen
92%
82Borussia Dortmund logo.svgFlag of EnglandLW24Jadon Sancho
92%
81Bayer 04 Leverkusen logo.svgFlag of GermanyCB28Jonathan Tah
92%
84Borussia Dortmund logo.svg Flag of GermanyCAM27Julian Brandt
92%
85IlustracjaFlag of GermanyGK33Kevin Trapp
92%
83Borussia Dortmund logo.svgFlag of GermanyCAM34Marco Reus
92%
84SC Freiburg logo.svgFlag of GermanyCB30Matthias Ginter
92%
84FC Bayern München logo (2017)Flag of South KoreaCB27Min Jae Kim
92%
83Borussia Dortmund logo.svgFlag of Côte d'IvoireST29Sébastien Haller
92%
82RB Leipzig 2014 logo.svgFlag of GermanyST28Timo Werner
92%
83RB Leipzig 2014 logo.svgFlag of SpainCAM25Dani Olmo
89%
82FC Bayern München logo (2017)Flag of France (1794–1815, 1830–1974)CB25Dayot Upamecano
89%
83Borussia Dortmund logo.svgFlag of GermanyCDM30Emre Can
89%
82Bayer 04 Leverkusen logo.svgFlag of Switzerland (Pantone)CM31Granit Xhaka
89%
83Bayer 04 Leverkusen logo.svgFlag of the NetherlandsRWB23Jeremie Frimpong
89%
83FC Bayern München logo (2017)Flag of AustriaCDM26Konrad Laimer
89%
80IlustracjaFlag of ItalyCB36Leonardo Bonucci
89%
85FC Bayern München logo (2017)Flag of GermanyCM29Leon Goretzka
89%
84FC Bayern München logo (2017)Flag of GermanyRM28Leroy Sané
89%
83Borussia Dortmund logo.svgFlag of GermanyCB35Mats Hummels
89%
84Borussia Dortmund logo.svgFlag of GermanyCB28Niklas Süle
89%
83Bayer 04 Leverkusen logo.svgFlag of the Czech RepublicST28Patrik Schick
89%
83RB Leipzig 2014 logo.svgFlagaCB31Willi Orban
89%
81Bayer 04 Leverkusen logo.svgFlag of Burkina FasoCB25Edmond Tapsoba
86%
80RB Leipzig 2014 logo.svgFlag of SwedenCAM32Emil Forsberg
86%
80Bayer 04 Leverkusen logo.svgFlag of ArgentinaCM25Exequiel Palacios
86%
80Borussia Dortmund logo.svgFlag of GermanyLM22Karim Adeyemi
86%
84Logo-VfL-WolfsburgFlag of BelgiumGK31Koen Casteels
86%
82RB Leipzig 2014 logo.svgFlag of BelgiumST24Loïs Openda
86%
80Borussia Dortmund logo.svgFlag of AustriaCM30Marcel Sabitzer
86%
82IlustracjaFlag of GermanyCAM31Mario Götze
86%
82SC Freiburg logo.svgFlag of ItalyLM30Vincenzo Grifo
86%
81IlustracjaCF32Andrej Kramarić
84%
81Bayer 04 Leverkusen logo.svgFlag of FinlandGK34Lukáš Hrádecký
84%
83Borussia Dortmund logo.svgFlag of GermanyCB24Nico Schlotterbeck
84%
80Borussia Dortmund logo.svgFlag of GermanyST31Niclas Füllkrug
81%
80IlustracjaFlag of GermanyGK33Oliver Baumann
81%
84RB Leipzig 2014 logo.svgFlagaGK33Péter Gulácsi
81%
82Bayer 04 Leverkusen logo.svgFlag of GermanyCDM29Robert Andrich
81%
83Bayer 04 Leverkusen logo.svgFlag of GermanyCAM31Jonas Hofmann
78%
81Logo-VfL-WolfsburgFlag of GermanyCDM29Maximilian Arnold
78%
80Borussia Dortmund logo.svgFlag of AlgeriaLB28Ramy Bensebaini
78%
82FC Bayern München logo (2017)Flag of MoroccoRB26Noussair Mazraoui
76%
82FC Bayern München logo (2017)Flag of PortugalLB30Raphaël Guerreiro
76%
81IlustracjaFlag of TunisiaCDM28Ellyes Skhiri
68%
81RB Leipzig 2014 logo.svgFlag of AustriaCDM26Xaver Schlager
68%
80Borussia Mönchengladbach logo.svgFlag of Switzerland (Pantone)GK30Jonas Omlin
57%
80Borussia Mönchengladbach logo.svgFlag of GermanyCDM28Julian Weigl
51%

Score Distribution

Percentile by Number Answered

Percent of People with Each Score

Your Score History

You have not taken this quiz since the last reset